Advanced surveying, (Record no. 544073)

000 -LEADER
fixed length control field 00579cam a22001571 4500
082 ## - DEWEY DECIMAL CLASSIFICATION NUMBER
Classification number 526.9
Author Mark RAY
-- L-16, P-5
100 1# - MAIN ENTRY--PERSONAL NAME
Personal name Rayner, William Horace,
9 (RLIN) 39615
245 10 - TITLE STATEMENT
Title Advanced surveying,
Statement of responsibility, etc. by William Horace Rayner ... Volume II.
260 ## - PUBLICATION, DISTRIBUTION, ETC.
Place of publication, distribution, etc. New York,
Name of publisher, distributor, etc. D. Van Nostrand Company, Inc.
Date of publication, distribution, etc. c1946
300 ## - PHYSICAL DESCRIPTION
Extent xvii, 360 p. incl. illus., diagrs., forms, tables. (1 fold.)
Dimensions 20 cm.
500 ## - GENERAL NOTE
General note "Supplementary to volume I, Elementary surveying."--Pref.
526 ## - STUDY PROGRAM INFORMATION NOTE
Program name 0
Interest level 0
Reading level 0
Title point value 526_900000000000000_RAY
650 #0 - SUBJECT ADDED ENTRY--TOPICAL TERM
Topical term or geographic name entry element MCE
General subdivision History.
9 (RLIN) 39616
650 #0 - SUBJECT ADDED ENTRY--TOPICAL TERM
Topical term or geographic name entry element Surveying.
942 ## - ADDED ENTRY ELEMENTS (KOHA)
Source of classification or shelving scheme
Koha item type Book
Holdings
Withdrawn status Lost status Source of classification or shelving scheme Damaged status Not for loan Permanent Location Current Location Date acquired Total Checkouts Full call number Barcode Date last seen Price effective from Koha item type
          Military College of Engineering (MCE) Military College of Engineering (MCE) 04/10/2014   526.9 RAY MCE-29985 04/10/2014 04/10/2014 Book
© 2023 Central Library, National University of Sciences and Technology. All Rights Reserved.